| 000 | 00766nam a2200229 a 4500 | ||
|---|---|---|---|
| 001 | 11854 | ||
| 003 | BD-RjUL | ||
| 005 | 20211208235207.0 | ||
| 008 | 170517s1966 enka 001 0 eng d | ||
| 035 | _a(BD-RjUL)11903 | ||
| 040 |
_aDLC _cWSU _dSER _dEQO _dBD-RjUL _beng |
||
| 041 | _aeng | ||
| 082 |
_a306.8109624 _bEVK 1966 _223 |
||
| 100 | 1 |
_aEvans-Pritchard, E. E. _q(Edward Evan), _d1902-1973. _924686 |
|
| 245 | 1 | 0 |
_aKinship and marriage among the Nuer / _cE.E. Evans-Pritchard. |
| 260 |
_aOxford : _bClarendon Press, _cc1966. |
||
| 300 |
_axi, 183 p. : _bill. ; _c23 cm. |
||
| 504 | _aIncludes bibliography and index. | ||
| 650 | 0 |
_aNuer (African people) _xKinship. _936713 |
|
| 650 | 0 |
_aNuer (African people) _xMarriage customs and rites. _936714 |
|
| 942 |
_2ddc _cBK |
||
| 999 |
_c11854 _d11854 |
||